| 000 | 01187cam a2200289 a 4500 | ||
|---|---|---|---|
| 001 | 3999361 | ||
| 003 | OSt | ||
| 005 | 20151016114743.0 | ||
| 008 | 960917s1997 caua b 001 0 eng | ||
| 010 | _a 96035710 | ||
| 020 | _a0803973748 (cloth : alk. paper) | ||
| 040 |
_aDLC _cDLC _dDLC |
||
| 050 | 0 | 0 |
_aQA278.2 _b.L65 1997 |
| 082 | 0 | 0 |
_a519.5/36 _220 |
| 100 | 1 | _aLong, J. Scott. | |
| 245 | 1 | 0 |
_aRegression models for categorical and limited dependent variables / _cJ. Scott Long. |
| 260 |
_aThousand Oaks : _bSage Publications, _cc1997. |
||
| 300 |
_axxx, 297 p. : _bill. ; _c24 cm. |
||
| 440 | 0 |
_aAdvanced quantitative techniques in the social sciences ; _v7 |
|
| 504 | _aIncludes bibliographical references (p. 274-282) and indexes. | ||
| 650 | 0 | _aRegression analysis. | |
| 856 | 4 | 2 |
_3Publisher description _uhttp://www.loc.gov/catdir/enhancements/fy0655/96035710-d.html |
| 856 | 4 | 1 |
_3Table of contents only _uhttp://www.loc.gov/catdir/enhancements/fy0655/96035710-t.html |
| 906 |
_a7 _bcbc _corignew _d1 _eocip _f19 _gy-gencatlg |
||
| 942 |
_2lcc _cBK |
||
| 999 |
_c250803 _d250803 |
||